Adaptación de la arquitectura ante el cambio climático : proyección de datos y simulación energética de dos escenarios
שמור ב:
| מחבר ראשי: | |
|---|---|
| מחברים אחרים: | , , , , , |
| פורמט: | ספר |
| שפה: | Spanish |
| יצא לאור: |
[San José , Costa Rica]
2018
|
| תגים: |
הוספת תג
אין תגיות, היה/י הראשונ/ה לתייג את הרשומה!
|
MARC
| LEADER | 00000nam a22000007a 4500 | ||
|---|---|---|---|
| 003 | EA0251 | ||
| 005 | 20230307083605.0 | ||
| 008 | 190703b2018 c a|||| |m|| 00| ||spa d | ||
| 040 | |c cru CEDI | ||
| 100 | |9 17342 |a Buitrago Carazo, Daniel | ||
| 245 | |a Adaptación de la arquitectura ante el cambio climático : proyección de datos y simulación energética de dos escenarios | ||
| 260 | |a [San José , Costa Rica] |c 2018 | ||
| 500 | |a Seminario de graduación (licenciatura en arquitectura)--Universidad de Costa Rica. Facultad de Ingeniería. Escuela de Arquitectura | ||
| 501 | |a Directora de Seminario de Graduación: Mag. Eugenia Solís Umaña | ||
| 654 | |x ARQUITECTURA Y CLIMA - COSTA RICA |x EDIFICIOS - PROPIEDADES TERMICAS |x DISEÑO ARQUITECTONICO - ASPECTOS AMBIENTALES |x CAMBIOS CLIMATICOS - COSTA RICA |x TERMODINAMICA - SIMULACION POR COMPUTADORA - EVALUACION | ||
| 700 | |9 17343 |a Chacón Redondo, Andrés | ||
| 700 | |9 17344 |a Chaves Chaves, Luis Miguel | ||
| 700 | |9 17345 |a Lezama Solano, Ana Cristina | ||
| 700 | |9 17346 |a Pérez Castañeda, Rebeca | ||
| 700 | |9 17347 |a Quirós Núñez, Luis | ||
| 700 | |9 81 |a Solís Umaña, Eugenia, 1953- |d Directora del TFG | ||
| 942 | |c CEDI |h TFG EA-251 |6 TFG_EA251 | ||
| 999 | |c 21728 |d 21728 | ||
